000 00290nam a2200109Ia 4500
005 20251222152639.0
008 251222s9999||||xx |||||||||||||| ||spa||
082 _a370.1/U61
100 _aMarrou Roldán, Aurora
245 0 _aHistoria de la Educación Peruana y Latinoamericana
942 _cLIB
999 _c28035
_d28035